Techniques of fiction writing.

Bibliographic Details
Main Author: McGraw, Eloise Jarvis
Format: Book
Language:English
Published: Boston : The Writer, inc., [1959]
Subjects:

MARC

Tag First Indicator Second Indicator Subfields
LEADER 00000cam a2200000 4500
001 in00000031726
005 20151007063105.0
008 750306s1959 mau 00000 eng u
010 |a  59006660  
035 |a (OCoLC)01203323 
035 |9 AAD6534AM 
040 |c IVD  |d TXA  |d UtOrBLW 
049 |a TXAM  |c [302876] 
050 0 |a PN3355  |b .M22 
082 0 |a 808.3 
092 |a 808.3  |b M147t 
100 1 |a McGraw, Eloise Jarvis. 
245 1 0 |a Techniques of fiction writing. 
264 1 |a Boston :  |b The Writer, inc.,  |c [1959] 
300 |a 209 pages ;  |c 21 cm. 
336 |a text  |b txt  |2 rdacontent 
337 |a unmediated  |b n  |2 rdamedia 
338 |a volume  |b nc  |2 rdacarrier 
650 0 |a Fiction  |x Technique. 
999 |a MARS 
999 f f |s ff18c013-92f9-3dbe-a8a1-bcbe65c2cf99  |i 1da9b1bf-a944-3e8b-a614-4305c3e2797c  |t 0 
952 f f |p normal  |a Texas A&M University  |b College Station  |c Sterling C. Evans Library  |d Evans: Library Stacks  |t 0  |e PN3355 .M22  |h Library of Congress classification  |i unmediated -- volume  |m A14801198447 
998 f f |a PN3355 .M22  |t 0  |l Evans: Library Stacks